| 000 -LEADER |
| fixed length control field |
00717nam a22002177a 4500 |
| 001 - CONTROL NUMBER |
| control field |
1015 |
| 003 - CONTROL NUMBER IDENTIFIER |
| control field |
BD-DhUAP |
| 005 - DATE AND TIME OF LATEST TRANSACTION |
| control field |
20200226181832.0 |
| 008 - FIXED-LENGTH DATA ELEMENTS--GENERAL INFORMATION |
| fixed length control field |
200226r19981986enka|||| b||| 001 0 eng d |
| 020 ## - INTERNATIONAL STANDARD BOOK NUMBER |
| International Standard Book Number |
0714827908 |
| 040 ## - CATALOGING SOURCE |
| Original cataloging agency |
BD-DhUAP |
| Language of cataloging |
Eng |
| Transcribing agency |
BD-DhUAP |
| Modifying agency |
BD-DhUAP |
| 082 ## - DEWEY DECIMAL CLASSIFICATION NUMBER |
| Edition number |
23 |
| Classification number |
720.924 CUR |
| 100 ## - MAIN ENTRY--PERSONAL NAME |
| Personal name |
Curtis, William J. R. |
| 245 ## - TITLE STATEMENT |
| Title |
Le Corbusier : |
| Remainder of title |
ideas and forms / |
| Statement of responsibility, etc. |
William J. R. Curtis. |
| 260 ## - PUBLICATION, DISTRIBUTION, ETC. |
| Place of publication, distribution, etc. |
London ; New York : |
| Name of publisher, distributor, etc. |
Phaidon Press, |
| Date of publication, distribution, etc. |
©1986 [Reprinted 1998]. |
| 300 ## - PHYSICAL DESCRIPTION |
| Extent |
240 pages : |
| Other physical details |
illustrations ; |
| Dimensions |
28 cm. |
| 504 ## - BIBLIOGRAPHY, ETC. NOTE |
| Bibliography, etc. note |
Includes bibliography and index. |
| 600 ## - SUBJECT ADDED ENTRY--PERSONAL NAME |
| Personal name |
Le Corbusier, |
| Dates associated with a name |
1887-1965 |
| Form subdivision |
Criticism and interpretation. |
| 650 ## - SUBJECT ADDED ENTRY--TOPICAL TERM |
| Topical term or geographic name entry element |
Architects |
| Geographic subdivision |
Switzerland. |
| 942 ## - ADDED ENTRY ELEMENTS (KOHA) |
| Source of classification or shelving scheme |
|
| Koha item type |
Book |